Partenaires commerciaux de l'Australie - Statistiques

Statistiques générales
  • Ce quiz a été pris 8 000 fois
  • Le résultat moyen est 14 sur 18
Statistiques - réponses
Export Import Pays % Correct
67,0 44,9 Chine
99%
8,99 21,7 Etats-Unis
99%
3,36 France
98%
26,1 14,6 Japon
96%
6,51 5,62 Nouvelle-Zélande
96%
7,64 3,25 Inde
94%
7,52 5,31 Royaume-Uni
92%
3,99 3,61 Indonésie
91%
1,71 10,1 Allemagne
87%
12,5 8,06 Corée du Sud
83%
4,39 Italie
79%
2,71 10,9 Thaïlande
79%
2,80 3,33 Viêt Nam
76%
3,51 6,96 Malaisie
74%
4,26 5,25 Singapour
65%
5,26 3,25 Taïwan
62%
1,65 Pays-Bas
45%
2,18 Émirats arabes unis
35%
Aucun quiz correspondant
Distribution des résultats
% des personnes avec chaque résultat
Percentile par nombre de réponses
Votre historique - résultats
Vous n’avez pas pris ce quiz